ARRUPE JESUIT UNIVERSITY

CORONAVIRUS -STOP THE SPREAD - CLEAN,DISINFECT,COVER

Preliminary discourse to the Encyclopedia of Diderot / (Record no. 119278)

MARC details
000 -LEADER
fixed length control field 01287cam a2200313 a 4500
001 - CONTROL NUMBER
control field 4924208
003 - CONTROL NUMBER IDENTIFIER
control field ARRUPE
005 - DATE AND TIME OF LATEST TRANSACTION
control field 20160216104218.0
008 - FIXED-LENGTH DATA ELEMENTS--GENERAL INFORMATION
fixed length control field 950228r19951963ilua b s001 0 eng
010 ## - LIBRARY OF CONGRESS CONTROL NUMBER
LC control number 95011562
020 ## - INTERNATIONAL STANDARD BOOK NUMBER
International Standard Book Number 0226134768 (pbk. : alk. paper)
040 ## - CATALOGING SOURCE
Original cataloging agency DLC
Transcribing agency DLC
Modifying agency DLC
041 1# - LANGUAGE CODE
Language code of text/sound track or separate title eng
Language code of original and/or intermediate translations of text fre
050 00 - LIBRARY OF CONGRESS CALL NUMBER
Classification number B1933.E5
Item number S38 1995
082 00 - DEWEY DECIMAL CLASSIFICATION NUMBER
Classification number 034/.1
Edition number 20
300 ## - PHYSICAL DESCRIPTION
Other physical details ill. ;
Dimensions 21 cm.
130 0# - MAIN ENTRY--UNIFORM TITLE
Uniform title Encyclopédie.
Name of part/section of a work Discours préliminaire.
Language of a work English.
9 (RLIN) 5752
245 10 - TITLE STATEMENT
Title Preliminary discourse to the Encyclopedia of Diderot /
Statement of responsibility, etc Jean le Rond d'Alembert ; translated by Richard N. Schwab with the collaboration of Walter E. Rex ; with an introduction by Richard N. Schwab.
260 ## - PUBLICATION, DISTRIBUTION, ETC. (IMPRINT)
Place of publication, distribution, etc Chicago :
Name of publisher, distributor, etc University of Chicago Press,
Date of publication, distribution, etc 1995.
300 ## - PHYSICAL DESCRIPTION
Extent liv, 170 p. :
500 ## - GENERAL NOTE
General note Originally published: Indianopolis : Bobbs-Merrill, c1963
504 ## - BIBLIOGRAPHY, ETC. NOTE
Bibliography, etc Includes bibliographical references and index.
650 #0 - SUBJECT ADDED ENTRY--TOPICAL TERM
Topical term or geographic name as entry element Methodology.
9 (RLIN) 5753
700 1# - ADDED ENTRY--PERSONAL NAME
Personal name Alembert, Jean Le Rond d',
Dates associated with a name 1717-1783.
9 (RLIN) 5754
700 1# - ADDED ENTRY--PERSONAL NAME
Personal name Schwab, Richard N.
9 (RLIN) 5755
700 1# - ADDED ENTRY--PERSONAL NAME
Personal name Rex, Walter E.
9 (RLIN) 5756
906 ## - LOCAL DATA ELEMENT F, LDF (RLIN)
a 7
b cbc
c orignew
d 1
e ocip
f 19
g y-gencatlg
942 ## - ADDED ENTRY ELEMENTS (KOHA)
Source of classification or shelving scheme Library of Congress Classification
Koha item type Monograph ( Printed materials)
Holdings
Withdrawn status Lost status Source of classification or shelving scheme Damaged status Not for loan Home library Current library Shelving location Date acquired Total Checkouts Full call number Barcode Date last seen Price effective from Koha item type
    Library of Congress Classification     ARRUPE LIBRARY ARRUPE LIBRARY Main Collection 16/12/2013   B1993.E5 S38 1995 464122616 16/12/2013 16/12/2013 Monograph ( Printed materials)

 

Arrupe Library. PO Box MP320 Mt Pleasant, Harare, Zimbabwe
263 242 745411|librarian@aju.ac.zw